<?xml version="1.0" encoding="UTF-8"?>
<record
    xmlns:xsi="http://www.w3.org/2001/XMLSchema-instance"
    xsi:schemaLocation="http://www.loc.gov/MARC21/slim http://www.loc.gov/standards/marcxml/schema/MARC21slim.xsd"
    xmlns="http://www.loc.gov/MARC21/slim">

  <leader>00673nam a22001577a 4500</leader>
  <controlfield tag="003">OSt</controlfield>
  <controlfield tag="005">20161129143336.0</controlfield>
  <controlfield tag="008">161129b        xxu||||| |||| 00| 0 eng d</controlfield>
  <datafield tag="040" ind1=" " ind2=" ">
    <subfield code="c">RUA</subfield>
  </datafield>
  <datafield tag="082" ind1=" " ind2=" ">
    <subfield code="a">VEM SOK 2015 B543 Or.1</subfield>
  </datafield>
  <datafield tag="100" ind1=" " ind2=" ">
    <subfield code="9">11438</subfield>
    <subfield code="a">SOK VEASNA; &#x179F;&#x17BB;&#x1781;&#x200B;&#x179C;&#x17B6;&#x179F;&#x1793;&#x17B6;</subfield>
  </datafield>
  <datafield tag="245" ind1=" " ind2=" ">
    <subfield code="a">Study on endoparasite in cattle at Batheay district, Kampong Cham province; &#x179F;&#x17B7;&#x1780;&#x17D2;&#x179F;&#x17B6;&#x1796;&#x17B8;&#x179C;&#x178F;&#x17D2;&#x178F;&#x1798;&#x17B6;&#x1793;&#x1794;&#x179A;&#x17B6;&#x179F;&#x17B7;&#x178F;&#x1781;&#x17B6;&#x1784;&#x1780;&#x17D2;&#x1793;&#x17BB;&#x1784;&#x1780;&#x17D2;&#x179A;&#x1796;&#x17C7;&#x1796;&#x17C4;&#x17C7;&#x179C;&#x17C0;&#x1793;&#x1782;&#x17C4;&#x1793;&#x17C5;&#x179F;&#x17D2;&#x179A;&#x17BB;&#x1780;&#x1794;&#x17B6;&#x1792;&#x17B6;&#x1799; &#x1781;&#x17C1;&#x178F;&#x17D2;&#x178F;&#x1780;&#x17C6;&#x1796;&#x1784;&#x17CB;&#x1785;&#x17B6;&#x1798;</subfield>
  </datafield>
  <datafield tag="260" ind1=" " ind2=" ">
    <subfield code="a">Phnom Penh </subfield>
    <subfield code="b">RUA</subfield>
    <subfield code="c">2015</subfield>
  </datafield>
  <datafield tag="300" ind1=" " ind2=" ">
    <subfield code="a">xii; 40p;</subfield>
    <subfield code="b">ill;</subfield>
    <subfield code="c">29cm;</subfield>
  </datafield>
  <datafield tag="942" ind1=" " ind2=" ">
    <subfield code="2">ddc</subfield>
    <subfield code="c">AGR</subfield>
  </datafield>
  <datafield tag="999" ind1=" " ind2=" ">
    <subfield code="c">10994</subfield>
    <subfield code="d">10994</subfield>
  </datafield>
  <datafield tag="952" ind1=" " ind2=" ">
    <subfield code="0">0</subfield>
    <subfield code="1">0</subfield>
    <subfield code="2">ddc</subfield>
    <subfield code="4">0</subfield>
    <subfield code="6">VEM_SOK_2015_000000000000000_B543_OR_1</subfield>
    <subfield code="7">0</subfield>
    <subfield code="9">58081</subfield>
    <subfield code="a">LBB</subfield>
    <subfield code="b">LBB</subfield>
    <subfield code="c">B543</subfield>
    <subfield code="d">2016-11-29</subfield>
    <subfield code="o">VEM SOK 2015 B543 Or.1</subfield>
    <subfield code="p">A05336</subfield>
    <subfield code="r">2016-11-29</subfield>
    <subfield code="w">2016-11-29</subfield>
    <subfield code="y">AGR</subfield>
  </datafield>
  <datafield tag="952" ind1=" " ind2=" ">
    <subfield code="0">0</subfield>
    <subfield code="1">0</subfield>
    <subfield code="2">ddc</subfield>
    <subfield code="4">0</subfield>
    <subfield code="6">VEM_SOK_2015_000000000000000_B543_OR_2</subfield>
    <subfield code="7">0</subfield>
    <subfield code="9">58082</subfield>
    <subfield code="a">LBB</subfield>
    <subfield code="b">LBB</subfield>
    <subfield code="c">B543</subfield>
    <subfield code="d">2016-11-29</subfield>
    <subfield code="l">1</subfield>
    <subfield code="o">VEM SOK 2015 B543 Or.2</subfield>
    <subfield code="p">a05269</subfield>
    <subfield code="q">2017-03-16</subfield>
    <subfield code="r">2017-02-08</subfield>
    <subfield code="s">2017-02-08</subfield>
    <subfield code="w">2016-11-29</subfield>
    <subfield code="y">AGR</subfield>
  </datafield>
  <datafield tag="952" ind1=" " ind2=" ">
    <subfield code="0">0</subfield>
    <subfield code="1">0</subfield>
    <subfield code="2">ddc</subfield>
    <subfield code="4">0</subfield>
    <subfield code="6">VEM_SOK_2015_000000000000000_B543_OR_3</subfield>
    <subfield code="7">0</subfield>
    <subfield code="9">58083</subfield>
    <subfield code="a">LBB</subfield>
    <subfield code="b">LBB</subfield>
    <subfield code="c">B543</subfield>
    <subfield code="d">2016-11-29</subfield>
    <subfield code="o">VEM SOK 2015 B543 Or.3</subfield>
    <subfield code="p">a05627</subfield>
    <subfield code="r">2016-11-29</subfield>
    <subfield code="w">2016-11-29</subfield>
    <subfield code="y">AGR</subfield>
  </datafield>
  <datafield tag="952" ind1=" " ind2=" ">
    <subfield code="0">0</subfield>
    <subfield code="1">0</subfield>
    <subfield code="2">ddc</subfield>
    <subfield code="4">0</subfield>
    <subfield code="6">VEM_SOK_2015_000000000000000_B543_OR_4</subfield>
    <subfield code="7">0</subfield>
    <subfield code="9">58084</subfield>
    <subfield code="a">LBB</subfield>
    <subfield code="b">LBB</subfield>
    <subfield code="c">B543</subfield>
    <subfield code="d">2016-11-29</subfield>
    <subfield code="o">VEM SOK 2015 B543 Or.4</subfield>
    <subfield code="p">a05370</subfield>
    <subfield code="r">2016-11-29</subfield>
    <subfield code="w">2016-11-29</subfield>
    <subfield code="y">AGR</subfield>
  </datafield>
  <datafield tag="952" ind1=" " ind2=" ">
    <subfield code="0">0</subfield>
    <subfield code="1">0</subfield>
    <subfield code="2">ddc</subfield>
    <subfield code="4">0</subfield>
    <subfield code="6">VEM_SOK_2015_000000000000000_B543_OR_5</subfield>
    <subfield code="7">0</subfield>
    <subfield code="9">58085</subfield>
    <subfield code="a">LBB</subfield>
    <subfield code="b">LBB</subfield>
    <subfield code="c">B543</subfield>
    <subfield code="d">2016-11-29</subfield>
    <subfield code="o">VEM SOK 2015 B543 Or.5</subfield>
    <subfield code="p">a05271</subfield>
    <subfield code="r">2016-11-29</subfield>
    <subfield code="w">2016-11-29</subfield>
    <subfield code="y">AGR</subfield>
  </datafield>
  <datafield tag="952" ind1=" " ind2=" ">
    <subfield code="0">0</subfield>
    <subfield code="1">0</subfield>
    <subfield code="2">ddc</subfield>
    <subfield code="4">0</subfield>
    <subfield code="6">VEM_SOK_2015_000000000000000_B543_OR_6</subfield>
    <subfield code="7">0</subfield>
    <subfield code="9">58086</subfield>
    <subfield code="a">LBB</subfield>
    <subfield code="b">LBB</subfield>
    <subfield code="c">B543</subfield>
    <subfield code="d">2016-11-29</subfield>
    <subfield code="o">VEM SOK 2015 B543 Or.6</subfield>
    <subfield code="p">a05031</subfield>
    <subfield code="r">2016-11-29</subfield>
    <subfield code="w">2016-11-29</subfield>
    <subfield code="y">AGR</subfield>
  </datafield>
  <datafield tag="952" ind1=" " ind2=" ">
    <subfield code="0">0</subfield>
    <subfield code="1">0</subfield>
    <subfield code="2">ddc</subfield>
    <subfield code="4">0</subfield>
    <subfield code="6">VEM_SOK_2015_000000000000000_B543_OR_7</subfield>
    <subfield code="7">0</subfield>
    <subfield code="9">58087</subfield>
    <subfield code="a">LBB</subfield>
    <subfield code="b">LBB</subfield>
    <subfield code="c">B543</subfield>
    <subfield code="d">2016-11-29</subfield>
    <subfield code="o">VEM SOK 2015 B543 Or.7</subfield>
    <subfield code="p">a05272</subfield>
    <subfield code="r">2016-11-29</subfield>
    <subfield code="w">2016-11-29</subfield>
    <subfield code="y">AGR</subfield>
  </datafield>
  <datafield tag="952" ind1=" " ind2=" ">
    <subfield code="0">0</subfield>
    <subfield code="1">0</subfield>
    <subfield code="2">ddc</subfield>
    <subfield code="4">0</subfield>
    <subfield code="6">VEM_SOK_2015_000000000000000_B543_OR_1</subfield>
    <subfield code="7">0</subfield>
    <subfield code="9">58088</subfield>
    <subfield code="a">LBB</subfield>
    <subfield code="b">LBB</subfield>
    <subfield code="c">B543</subfield>
    <subfield code="d">2016-11-29</subfield>
    <subfield code="o">VEM SOK 2015 B543 Or.1</subfield>
    <subfield code="r">2016-11-29</subfield>
    <subfield code="w">2016-11-29</subfield>
    <subfield code="y">AGR</subfield>
  </datafield>
</record>
